[Event "Homs Xeque Mate op"]
[Site "Sao Paulo"]
[Date "2018.10.27"]
[Round "1"]
[White "Teshima, Claudio Yutaka"]
[Black "Rocha, Anderson Rosendo"]
[Result "0-1"]
[WhiteElo "1179"]
[BlackElo "1651"]
[PlyCount "96"]
[EventDate "2018.10.27"]
[EventType "swiss"]
[EventRounds "5"]
[EventCountry "BRA"]
[SourceTitle "CBM 187 Extra"]
[Source "ChessBase"]
[SourceDate "2018.11.04"]
[SourceVersion "1"]
[SourceVersionDate "2018.11.04"]
[SourceQuality "1"]

1. d4 Nf6 2. Bf4 e6 3. Nf3 d5 4. e3 Nbd7 5. c4 b6 6. Nbd2 c5 7. Bd3 Be7 8. 0-0 0-0 9. e4 dxe4 10. Nxe4 Bb7 11. Re1 Nxe4 12. Bxe4 Bxe4 13. Rxe4 Nf6 14. Re1 Rc8 15. Be5 cxd4 16. Qd3 h6 17. Rad1 Bb4 18. Bxf6 Qxf6 19. Re4 Rfd8 20. Qb3 Bc5 21. Nh4 d3 22. Nf3 Qg6 23. Ree1 Bd4 24. Nxd4 Rxd4 25. f3 Rcxc4 26. Re4 Rxe4 27. fxe4 Qxe4 28. Qxd3 Qxd3 29. Rxd3 Rc1+ 30. Kf2 Rc2+ 31. Kf3 Rxb2 32. a4 b5 33. axb5 Rxb5 34. Ra3 a5 35. Ke3 Kh7 36. Ra2 Kg6 37. Kf4 e5+ 38. Kg4 Rb4+ 39. Kg3 a4 40. Kf2 f5 41. g3 Kg5 42. h3 f4 43. h4+ Kg4 44. Ke2 e4 45. h5 e3 46. Ra3 Rb2+ 47. Kf1 Kf3 48. Ra1 a3 0-1

[Event "BRA-ch Amateur U1600"]
[Site "Sao Paulo"]
[Date "2017.10.13"]
[Round "4"]
[White "Da Silva, Hermes Ludovino"]
[Black "Teshima, Claudio Yutaka"]
[Result "0-1"]
[WhiteElo "1446"]
[BlackElo "1113"]
[PlyCount "51"]
[EventDate "2017.10.12"]
[EventType "swiss"]
[EventRounds "7"]
[EventCountry "BRA"]
[SourceTitle "EXT 2022"]
[Source "ChessBase"]
[SourceDate "2021.10.06"]
[SourceVersion "1"]
[SourceVersionDate "2021.10.06"]
[SourceQuality "1"]

1. Nf3 d5 2. d4 Nf6 3. g3 g6 4. Bg2 Bg7 5. 0-0 0-0 6. b3 Bg4 7. Nbd2 Nc6 8. Bb2 Re8 9. h3 Bf5 10. e3 Qd7 11. Kh2 e6 12. Re1 Nb4 13. a3 Nxc2 14. Rc1 Nxe1 15. Qxe1 Qd6 16. Ne5 h5 17. Ndf3 Bh6 18. h4 Ng4+ 19. Kg1 f6 20. Nxg4 hxg4 21. Nd2 Kf7 22. Rd1 Rh8 23. f4 gxf3 24. Bxf3 Rag8 25. e4 Bxd2 26. Rxd2 0-1

[Event "Sao Paulo op-C U1700 6th"]
[Site "Sao Paulo"]
[Date "2017.04.15"]
[Round "3"]
[White "Teshima, Claudio Yutaka"]
[Black "Ferreira, Renato Luis Bueloni"]
[Result "0-1"]
[WhiteElo "1141"]
[BlackElo "1357"]
[PlyCount "143"]
[EventDate "2017.04.14"]
[EventType "swiss"]
[EventRounds "6"]
[EventCountry "BRA"]
[SourceTitle "EXT 2019"]
[Source "ChessBase"]
[SourceDate "2018.10.10"]
[SourceVersion "1"]
[SourceVersionDate "2018.10.10"]
[SourceQuality "1"]

1. e4 c5 2. Nf3 Nc6 3. Bc4 g6 4. 0-0 Bg7 5. c3 Nf6 6. Re1 0-0 7. d3 e6 8. Bg5 Qc7 9. Qe2 a6 10. Nbd2 b5 11. Bb3 d5 12. e5 Nd7 13. Bf4 b4 14. Ba4 Bb7 15. Rac1 Nb6 16. Bxc6 Bxc6 17. cxb4 c4 18. dxc4 dxc4 19. Nxc4 Nxc4 20. Rxc4 Qb7 21. a4 Bxa4 22. Rec1 Bb5 23. Qe4 Qxe4 24. Rxe4 Rac8 25. Nd4 Rxc1+ 26. Bxc1 Rc8 27. Nb3 Rc4 28. Rxc4 Bxc4 29. Nc5 Bxe5 30. f4 Bd4+ 31. Kh1 h5 32. Ne4 Kg7 33. Nd2 Bd5 34. Nf1 h4 35. Ne3 Ba8 36. h3 f6 37. Nf1 Bb6 38. Be3 Bc7 39. Kg1 Bd6 40. Bd2 e5 41. fxe5 Bxe5 42. Bc3 Bc7 43. Nd2 Bb6+ 44. Kh1 Kf7 45. Nc4 Bc7 46. Be1 g5 47. Bd2 Kg6 48. Na3 Bd5 49. b5 axb5 50. Nxb5 Bb8 51. b4 f5 52. Nd4 g4 53. hxg4 fxg4 54. Kg1 Kf6 55. Be1 g3 56. Nf3 Ba7+ 57. Kh1 Bf2 58. Bc3+ Kf5 59. Nxh4+ Kg5 60. Nf3+ Bxf3 61. gxf3 Kf4 62. Kg2 Bb6 63. b5 Bc7 64. Bd4 Bb8 65. b6 Bd6 66. b7 Bb8 67. Be3+ Kxe3 68. Kf1 Kxf3 69. Kg1 Ba7+ 70. Kh1 g2+ 71. Kh2 g1Q+ 72. Kh3 0-1

[Event "Hebraica Xeque Mate op 1st"]
[Site "Sao Paulo"]
[Date "2016.06.11"]
[Round "3"]
[White "Hayashi, Kouki"]
[Black "Teshima, Claudio Yutaka"]
[Result "1/2-1/2"]
[WhiteElo "1215"]
[BlackElo "1138"]
[PlyCount "160"]
[EventDate "2016.06.11"]
[EventType "swiss"]
[EventRounds "5"]
[EventCountry "BRA"]
[SourceTitle "CBM 173 Extra"]
[Source "ChessBase"]
[SourceDate "2016.08.29"]
[SourceVersion "1"]
[SourceVersionDate "2016.08.29"]
[SourceQuality "1"]

1. d4 d5 2. c4 Bf5 3. Nc3 e6 4. Nf3 h6 5. g3 Nf6 6. Bg2 Nbd7 7. 0-0 Bd6 8. c5 Be7 9. Bf4 a6 10. b4 0-0 11. a3 Nh5 12. e3 Ndf6 13. h3 Be4 14. a4 Nxf4 15. exf4 Bf5 16. Nh4 Bh7 17. g4 Ne4 18. Nxe4 Bxe4 19. Bxe4 Bxh4 20. Bc2 Qf6 21. Qd3 g6 22. Qe3 Rae8 23. b5 axb5 24. axb5 Kh7 25. Ra7 Rb8 26. c6 bxc6 27. Rxc7 cxb5 28. Rb1 Ra8 29. Rxb5 Ra2 30. Qe5 Qd8 31. f5 exf5 32. gxf5 Qg5+ 33. Kf1 Kg8 34. fxg6 Qxe5 35. dxe5 fxg6 36. Rbb7 Ra1+ 37. Ke2 Rxf2+ 38. Kd3 Ra3+ 39. Kd4 Rd2+ 40. Kc5 Rxc2+ 41. Kxd5 Rxc7 42. Rxc7 Ra5+ 43. Ke4 Bg3 44. Rc8+ Kf7 45. Rc7+ Ke8 46. Rh7 h5 47. e6 Re5+ 48. Kf3 Bh2 49. Kg2 Bf4 50. Rf7 g5 51. Rh7 h4 52. Kf3 Rxe6 53. Kg4 Re7 54. Rh8+ Kf7 55. Rh7+ Kf6 56. Rxe7 Kxe7 57. Kf5 Kd6 58. Kg4 Kd5 59. Kf3 Kd4 60. Ke2 Ke4 61. Kf2 Be3+ 62. Kg2 Kf4 63. Kh2 Bc1 64. Kg2 Kf5 65. Kf3 Kg6 66. Kg2 Kh5 67. Kh2 Bf4+ 68. Kg2 g4 69. hxg4+ Kxg4 70. Kh1 Bh6 71. Kg2 h3+ 72. Kh2 Bf4+ 73. Kg1 Bh6 74. Kh1 Bf4 75. Kg1 Kf3 76. Kh1 Ke3 77. Kg1 Kf3 78. Kh1 Bg3 79. Kg1 Bf4 80. Kh1 Kf2 1/2-1/2

[Event "Sao Paulo Gansl op 8th"]
[Site "Sao Paulo"]
[Date "2016.04.30"]
[Round "4"]
[White "Zmetek, Marcos Simao"]
[Black "Teshima, Claudio Yutaka"]
[Result "1-0"]
[WhiteElo "1416"]
[BlackElo "1130"]
[PlyCount "63"]
[EventDate "2016.04.29"]
[EventType "swiss"]
[EventRounds "6"]
[EventCountry "BRA"]
[SourceTitle "CBM 172 Extra"]
[Source "ChessBase"]
[SourceDate "2016.06.21"]
[SourceVersion "1"]
[SourceVersionDate "2016.06.21"]
[SourceQuality "1"]

1. e4 e5 2. Nf3 Nc6 3. Bc4 h6 4. 0-0 Bc5 5. c3 d6 6. d4 exd4 7. cxd4 Bb6 8. Qb3 Qf6 9. e5 dxe5 10. dxe5 Qg6 11. e6 fxe6 12. Re1 Nd8 13. Nc3 c6 14. Bf4 Ba5 15. Nd4 b5 16. Bxe6 Ne7 17. Re3 Qf6 18. Be5 Qg6 19. Rg3 Qh5 20. Bxg7 Rh7 21. Ne4 Bxe6 22. Nxe6 Nd5 23. Nf6+ Nxf6 24. Bxf6 Bc7 25. Ng7+ Rxg7 26. Re1+ Kd7 27. Rxg7+ Kc8 28. Qh3+ Qxh3 29. gxh3 Bd6 30. Bxd8 Bb8 31. Bg5 hxg5 32. Re8# 1-0

[Event "Sao Paulo Gansl op 8th"]
[Site "Sao Paulo"]
[Date "2016.04.29"]
[Round "2"]
[White "Teshima, Claudio Yutaka"]
[Black "Vieira, Alexandre Letizio"]
[Result "0-1"]
[WhiteElo "1130"]
[BlackElo "1868"]
[PlyCount "92"]
[EventDate "2016.04.29"]
[EventType "swiss"]
[EventRounds "6"]
[EventCountry "BRA"]
[SourceTitle "CBM 172 Extra"]
[Source "ChessBase"]
[SourceDate "2016.06.21"]
[SourceVersion "1"]
[SourceVersionDate "2016.06.21"]
[SourceQuality "1"]

1. d4 d5 2. Nf3 c6 3. Bf4 Bf5 4. e3 Nf6 5. c3 Nbd7 6. Nbd2 e6 7. Be2 Be7 8. 0-0 0-0 9. Bg5 h6 10. Bf4 a6 11. h3 c5 12. Bh2 Rc8 13. a3 c4 14. Rb1 Bxb1 15. Qxb1 b5 16. Ne1 a5 17. Nc2 Nb6 18. b3 Bd6 19. f4 Qc7 20. b4 Na4 21. Qa1 Ne4 22. Nxe4 dxe4 23. Bg4 f5 24. Bd1 axb4 25. axb4 Ra8 26. Na3 Qc6 27. Qc1 Nb6 28. Nc2 Nd5 29. Qd2 Ra2 30. Qe1 Be7 31. Bg3 Rfa8 32. Rf2 Rb2 33. Re2 Rb3 34. Bh4 Qd7 35. Bxe7 Qxe7 36. Qd2 Nxc3 37. Rf2 Nd5 38. Re2 Rd3 39. Qe1 Ra2 40. Rf2 Rb2 41. Qf1 Nxb4 42. Nxb4 Rxf2 43. Kxf2 Qxb4 44. Be2 Rd2 45. g4 Qb2 46. gxf5 exf5 0-1

[Event "Sao Paulo op-B U2050 4th"]
[Site "Sao Paulo"]
[Date "2016.03.26"]
[Round "5"]
[White "Hoshino, Meilin"]
[Black "Teshima, Claudio Yutaka"]
[Result "1-0"]
[WhiteElo "1328"]
[BlackElo "1158"]
[PlyCount "71"]
[EventDate "2016.03.24"]
[EventType "swiss"]
[EventRounds "7"]
[EventCountry "BRA"]
[SourceTitle "CBM 171 Extra"]
[Source "ChessBase"]
[SourceDate "2016.04.26"]
[SourceVersion "1"]
[SourceVersionDate "2016.04.26"]
[SourceQuality "1"]

1. d4 d5 2. c4 e6 3. Nc3 Bb4 4. Bd2 c6 5. e3 Nf6 6. Nf3 0-0 7. Bd3 Bd6 8. 0-0 Re8 9. Qc2 b6 10. Rab1 a5 11. Rfc1 Nbd7 12. cxd5 exd5 13. h3 Ba6 14. Bxa6 Rxa6 15. a4 Nf8 16. Na2 h6 17. Qxc6 Ra8 18. Nc3 Rc8 19. Qb5 Ne4 20. Nxd5 Nxd2 21. Nxd2 Rxc1+ 22. Rxc1 Qb8 23. Nc4 Rc8 24. Ndxb6 Rd8 25. Qxa5 Bc7 26. Qb5 Bxb6 27. Qxb6 Qc8 28. Rc3 Nd7 29. Qb5 Qa8 30. a5 Nb8 31. Ra3 Nc6 32. a6 Na7 33. Qb7 Qxb7 34. axb7 Nc6 35. Ra8 Nb8 36. Ra5 1-0

[Event "Sao Paulo ECP op 6th"]
[Site "Sao Paulo"]
[Date "2015.10.25"]
[Round "6"]
[White "Do Valle Cardoso, Lucas"]
[Black "Teshima, Claudio Yutaka"]
[Result "1-0"]
[WhiteElo "1800"]
[BlackElo "1800"]
[PlyCount "69"]
[EventDate "2015.10.23"]
[EventType "swiss"]
[EventRounds "6"]
[EventCountry "BRA"]
[SourceTitle "CBM 169 Extra"]
[Source "ChessBase"]
[SourceDate "2015.12.18"]
[SourceVersion "1"]
[SourceVersionDate "2015.12.18"]
[SourceQuality "1"]

1. e4 e5 2. Nf3 Nc6 3. Nc3 Bc5 4. Bc4 d6 5. 0-0 Nge7 6. d3 0-0 7. Bg5 Be6 8. Bxe6 fxe6 9. Na4 b6 10. c3 d5 11. Nxc5 bxc5 12. Be3 d4 13. Bd2 Qd7 14. Ne1 Ng6 15. Qc2 Nce7 16. cxd4 exd4 17. Qxc5 e5 18. Rc1 c6 19. Nf3 h6 20. Nxe5 Nxe5 21. Qxe5 Rab8 22. Rc2 Rb5 23. Qg3 Rg5 24. Bxg5 hxg5 25. Qxg5 Qe6 26. Qc5 Ra8 27. Qxd4 Qxa2 28. Qc4+ Qxc4 29. Rxc4 Rb8 30. Rb1 Rb3 31. Rc3 Rb7 32. f3 Rc7 33. d4 Kf7 34. d5 c5 35. d6 1-0